EA FC25 Season Rewards - Statistics

General Stats
  • This quiz has been taken 9 times
    4 since last reset
  • The average score is 5 of 12
Answer Stats
Rate Club Nation Answer % Correct
83 Chelsea Spain Robert Sanchez
100%
88 Fulham Spain Adama Traore
50%
85 Atletico Madrid France Clement Lenglet
50%
86 Lyon France Corentin Tolisso
50%
86 Udinese France Florian Thauvin
50%
85 Bayern France Mathys Tel
50%
86 Al Nassr France Mohamed Simakan
50%
86 Atletico Madrid France Thomas Lemar
50%
85 Leverkusen Spain Aleix Garcia
0%
85 Girona Netherlands Arnaut Danjuma
0%
85 Villarreal Spain Dani Parejo
0%
85 Levante Bada Spain Elena Julve
0%
No matching quizzes found
Score Distribution
Percent of People with Each Score
Percentile by Number Answered
Your Score History
You have not taken this quiz since the last reset